| 000 | 00559nam a2200193 a 4500 | ||
|---|---|---|---|
| 003 | PILC | ||
| 005 | 20150507100008.0 | ||
| 008 | 100922s19uu xx 00 eng d | ||
| 020 | _a971513193x | ||
| 050 |
_aRT 85 _b.P172 2000 |
||
| 100 | _aPalmejar, Menchie P. | ||
| 245 |
_aEssentials in nursing / _cMenchie P. Palmejar. |
||
| 260 |
_aPhilippines : _bEducational Publishing House, _c2000 |
||
| 300 |
_axi, 273 pages : _c27 cm. |
||
| 500 | _aIncludes bibliographical reference. | ||
| 650 | _aNurses and Nursing. | ||
| 942 |
_cBK _2lcc |
||
| 999 |
_c283874 _d283874 |
||